000 00793cam a2200193 4500
001 L121592
008 030306n2003 000 0 eng u
035 _a(Sirsi) u121592
041 _aeng
100 _aReyers, John
245 _aToxic mould
260 _c2003
490 _aRICS Building Surveying Faculty: The Journal
_v(4) July 2002, 3(1)
520 _aExamines the health problems associated with the toxic mould, "Stachybotrys charturum". Argues that toxic mould is going to become an important issue for Building Surveyors.
650 _aSTACHYBOTRYS CHARTARUM
690 _aBUILT ENVIRONMENT-BUILDING PATHOLOGY-FUNGAL INFESTATION
856 _uhttps://www.rics.org/RICSWEB/getpage.aspx?p=dmgneBrZak2i4PWCPg34mw
_zView the item free of charge at www.rics.org...
942 _n0
999 _c102677
_d102677